| 000 | 01731cam a22003375a 4500 | ||
|---|---|---|---|
| 001 | 18644333 | ||
| 005 | 20161013101326.0 | ||
| 008 | 150604t2015 njua fr 001 0 eng d | ||
| 010 | _a 2015943222 | ||
| 020 | _a9781118940013 | ||
| 020 | _a1118940016 | ||
| 035 | _a(OCoLC)ocn885229333 | ||
| 040 |
_aBTCTA _beng _cBTCTA _dYDXCP _dBDX _dUKMGB _dZQP _dILC _dIAD _dDLC _dEG-ScBUE |
||
| 082 | 0 | 4 |
_a005.7 _bAND _222 |
| 100 | 1 |
_aAnderson, Alan _c(Professor of economics) _941522 |
|
| 245 | 1 | 0 |
_aStatistics for big data for dummies / _cby Alan Anderson, with David Semmelroth. |
| 260 |
_aHoboken : _bJohn Wiley & Sons, _cc.2015. |
||
| 300 |
_axii, 366 p. : _bill. ; _c24 cm. |
||
| 490 | 0 | _aFor dummies | |
| 500 | _aIncludes index. | ||
| 505 | 0 | _aIntroducing big data statistics -- Preparing and cleaning data -- Exploratory data analysis (EDA) -- Big data applications -- The part of tens. | |
| 520 | _aBig data figures into everything from weather forecasting to political polling. Anderson and Semmelroth help you learn about it in manageable, bite-size chunks. From extracting information from a database to checking data for missing information and more, you'll get a handle on the statistical methods and a whole lot more. | ||
| 650 | 0 |
_aBig data _xStatistical methods. _2BUEsh _941525 |
|
| 651 | _2BUEsh | ||
| 653 |
_bBUSECO _cOctober2016 |
||
| 700 | 1 |
_aSemmelroth, David. _941526 |
|
| 856 | 4 | 2 |
_3Contributor biographical information _uhttps://www.loc.gov/catdir/enhancements/fy1617/2015943222-b.html |
| 856 | 4 | 2 |
_3Publisher description _uhttps://www.loc.gov/catdir/enhancements/fy1617/2015943222-d.html |
| 856 | 4 | 1 |
_3Table of contents only _uhttps://www.loc.gov/catdir/enhancements/fy1617/2015943222-t.html |
| 942 | _2ddc | ||
| 999 |
_c22551 _d22523 |
||